ბათუმის შოთა რუსთაველის სახელმწიფო უნივერსიტეტის ბიბლიოთეკა

ზოოტოქსიკოლოგია ტოქსინოლოგიის საფუძვლებით = Zootoxicology with foundation of toxinology = Зоотоксикология с основами токсинологии : (ბიბ.ჩანაწერი № 47812)

000 -ლიდერი
ფიქსირებული სიგრძის საკონტროლო ველი 01119nam a2200229Ia 4500
001 - საკონტროლო ნომერი
საკონტროლო ველი 14686
003 - საკონტროლო ნომრის იდენტიფიკატორი
საკონტროლო ველი GE_BSU
005 - ბოლო ოპერაციის თარიღი და დრო
საკონტროლო ველი 20190621132758.0
008 - ფიქსირებული სიგრძის მონაცემთა ელემენტები - ზოგადი ინფორმაცია
ფიქსირებული სიგრძის საკონტროლო ველი 181216s2004||||ge |||||||||||||| ||geo||
020 ## - წიგნის საერთაშორისო სტანდარტული ნომერი
International Standard Book Number 9994020528
040 ## - კატალოგიზაციის წყარო
Transcribing agency GE_BSU
041 ## - ენის კოდი
Language code of text/sound track or separate title geo
080 ## - უნივერსალური ათობითი კლასიფიკაციის ინდექსი
Universal Decimal Classification number 615.919(075.8) ჟ–84
100 ## - მთავარი ჩანაწერი - პიროვნების სახელი
Personal name ჟორდანია, რევაზ
9 (RLIN) 2717
245 ## - ცნობა სათაურის შესახებ
Title ზოოტოქსიკოლოგია ტოქსინოლოგიის საფუძვლებით = Zootoxicology with foundation of toxinology = Зоотоксикология с основами токсинологии :
Remainder of title სახელმძღვ. უმაღლ. სასწ. სტუდ. /
Statement of responsibility, etc რედ.: ჯაბა ონიანი
264 ## - წარმოების, გამოცემის, დისტრიბუციის და სხვა ცნობები
გამოცემის, წარმოების, დისტრიბუციის... ადგილი თბილისი :
გამოცემის, წარმოების, დისტრიბუციის... სახელწოდება თბილისის უნ-ტის გამ-ბა,
გამოცემის, წარმოების, დისტრიბუციის... თარიღი 2004.
300 ## - ფიზიკური აღწერა
Extent 247 გვ.:
Other physical details ილ. ;
Dimensions 20 სმ.
653 ## - INDEX TERM--UNCONTROLLED
Uncontrolled term ზოოტოქსიკოლოგია
653 ## - INDEX TERM--UNCONTROLLED
Uncontrolled term ტოქსინოლოგია
700 ## - ADDED ENTRY--PERSONAL NAME
Personal name ონიანი, ჯაბა
Relator term რედაქტორი
9 (RLIN) 2718
942 ## - ADDED ENTRY ELEMENTS (KOHA)
Koha item type წიგნი
Source of classification or shelving scheme
ეგზემპლარები
ჩამოწერის სტატუსი დაკარგული ეგზემპლარის სტატუსი კლასიფიკაციის წყარო ან თაროზე გაწყობის სქემა დაზიანების სტატუსი არ გაიცემა მუდმივი მდებარეობა (დაცვის ადგილი) ამჟამინდელი ადგილსამყოფელი თაროზე განთავსების ადგილი შეძენის თარიღი სრული შენახვის შიფრი შტრიხკოდი ბოლო ოპერაციის თარიღი ეგზემპლარის მიმდევრობითი ნომერი (კეტერი?) ფასის ძალაში შესვლის თარიღი ეგზემპლარის სახეობა
          ბათუმის შოთა რუსთაველის სახელმწიფო უნივერსიტეტის მთავარი ბიბლიოთეკა ბათუმის შოთა რუსთაველის სახელმწიფო უნივერსიტეტის მთავარი ბიბლიოთეკა წიგნსაცავი 2018-12-17 615.919(075.8) ჟ–84 5079 2018-12-17 5079 2018-12-17 წიგნი